Grab Bag Endings (A-Z) Quiz Stats

 Plays Quiz Updated Dec 21, 2016

Also try: Grab Bag (A-Z)
Challenge
Share
Tweet
Embed
Score 0/26 Timer 05:00
1 Play Today
Category Answer % Correct
US StatesMaine...
90.4%
PrepositionsOf...
82.7%
Pixar MoviesUp
81.2%
Ivy League SchoolsBrown...
81.1%
European CapitalsMoscow...
80.7%
Santa's ReindeerComet
79.8%
CountriesIraq
77.6%
PresidentsCleveland...
74%
MLB TeamsRed Sox...
73%
NBA TeamsJazz
72.5%
Chemical ElementsZinc...
67.1%
Bond MoviesDie Another Day...
66.6%
Greek AlphabetMu...
64.4%
Category Answer % Correct
Old Testament BooksRuth...
60.4%
Premier League ClubsChelsea...
58.9%
Leaders of the Soviet UnionBrezhnev...
57.4%
Bones of the BodyRib
53.9%
US State CapitalsHarrisburg...
52.4%
Pillars of IslamHajj
40.3%
Shakespeare PlaysA Midsummer Night's Dream
39.5%
British Prime MinistersDisraeli
38.2%
Best Picture WinnersBen-Hur...
35.4%
Papal NamesLeo...
35.2%
Emmy Best Drama WinnersThe Sopranos...
28.2%
Pokémon - Generation IPsyduck...
18.2%
Grammy Albums of the YearBabel...
5.3%

You're not logged in!

Compare scores with friends on all Sporcle quizzes.
OR
Log In

You Might Also Like...

Show Comments

Extras

Top Quizzes Today


Score Distribution

Your Account Isn't Verified!

In order to create a playlist on Sporcle, you need to verify the email address you used during registration. Go to your Sporcle Settings to finish the process.

Report this User

Report this user for behavior that violates our Community Guidelines.

Details: